书目信息 |
| 题名: |
河北高等学校专业总览
|
|
| 作者: | 陆军恒 , 解观安 主编 | |
| 分册: | ||
| 出版信息: | 石家庄 河北人民出版社 1993.7 |
|
| 页数: | 323页 | |
| 开本: | 20cm | |
| 丛书名: | ||
| 单 册: | ||
| 中图分类: | G647.32 | |
| 科图分类: | 38.8284 | |
| 主题词: | 高等学校--专业--简介--河北 | |
| 电子资源: | ||
| ISBN: | 7-202-01351-7 | |
| 000 | 00867nam0 2200253 45 | |
| 001 | 0194014499 | |
| 005 | 20070722102357.60 | |
| 010 | @a7-202-01351-7@dCNY6.80 | |
| 100 | @a19940303d1993 em y0chiy0121 ea | |
| 101 | 0 | @achi |
| 102 | @aCN@b130000 | |
| 105 | @ay g 000yy | |
| 200 | 10 | @a河北高等学校专业总览@AHE BEI GAO DENG XUE XIAO ZHUAN YE ZONG LAN@f陆军恒,解观安主编@FLU JUN HENG , XIE GUAN AN ZHU BIAN |
| 210 | @a石家庄@c河北人民出版社@d1993.7 | |
| 215 | @a323页@d20cm | |
| 330 | @a本书介绍了河北普通高校和成人高校各专业的培养方向、课程设置、师资力量、招生规模、物质设施等。 | |
| 540 | 1 | @a高校 专业@AGAO XIAO ZHUAN YE |
| 606 | @a高等学校@x专业@x简介@y河北 | |
| 690 | @aG647.32@v三版 | |
| 692 | @a38.8284 | |
| 701 | 0 | @a陆军恒@ALU JUN HENG@4主编 |
| 701 | 0 | @a解观安@AXIE GUAN AN@4主编 |
| 801 | 0 | @aCN@bTSSF@c20070722 |
| 905 | @a10447@dG647.32@e378 | |
| 河北高等学校专业总览/陆军恒,解观安主编.-石家庄:河北人民出版社,1993.7 |
| 323页;20cm |
| ISBN 7-202-01351-7:CNY6.80 |
| 本书介绍了河北普通高校和成人高校各专业的培养方向、课程设置、师资力量、招生规模、物质设施等。 |
| ● |
| 相关链接 |
|
|
|
|
正题名:河北高等学校专业总览
索取号:G647.32/378
 
预约/预借
| 序号 | 登录号 | 条形码 | 馆藏地/架位号 | 状态 | 备注 |
| 1 | 0768411 | 207684111 | 第一样本阅览室/ [索取号:G647.32/378] | 在馆 | |
| 2 | 0769624 | 207696242 | 密集书库/ [索取号:G647.32/378] | 在馆 |